000 00310nam a22001337a 4500
008 181101b xxu||||| |||| 00| 0 eng d
020 _a0871011247
041 _aeng
080 _a316
100 _a50
101 _aSOC
245 _aA Quarter-Century of Social Work Education
_cDinerman,M
942 _2udc
_cBK
999 _c51455
_d51455